[Event "Winter Malopolska Cup Master 2022"]
[Site "Krakow"]
[Date "2022.01.19"]
[Round "8.6"]
[White "Klementys, Jerzy"]
[Black "Czaplak, Lukasz"]
[Result "0-1"]
[WhiteElo "1564"]
[BlackElo "1877"]
[Annotator "NA"]
[PlyCount "105"]
[EventDate "2022.01.15"]
[EventType "swiss"]
[EventCountry "POL"]
[SourceTitle "playchess.com"]
[Source "ChessBase"]
[SourceQuality "1"]
[TimeControl "5400+30"]

1. d4 {[%emt 0:00:01]} d5 {[%emt 0:00:04]} 2. c4 {[%emt 0:00:05]} e6 {[%emt 0:00:02]} 3. Nc3 {[%emt 0:00:08]} Nf6 {[%emt 0:00:03]} 4. Bg5 {[%emt 0:00:08]} Nbd7 {[%emt 0:00:13]} 5. e3 {[%emt 0:00:32]} Be7 {[%emt 0:00:04]} 6. Nf3 {[%emt 0:00:07]} c6 {[%emt 0:00:15]} 7. Rc1 {[%emt 0:00:46]} O-O {[%emt 0:00:28]} 8. Bd3 {[%emt 0:00:12]} dxc4 {[%emt 0:00:28]} 9. Bxc4 {[%emt 0:00:04]} b5 {[%emt 0:00:20]} 10. Bd3 {[%emt 0:00:02]} Bb7 {[%emt 0:01:11]} 11. O-O {[%emt 0:00:06]} a6 {[%emt 0:00:23]} 12. e4 {[%emt 0:03:22]} c5 {[%emt 0:05:27]} 13. e5 {[%emt 0:04:27]} Nd5 {[%emt 0:01:52]} 14. Bxe7 {[%emt 0:01:10]} Qxe7 {[%emt 0:00:12]} 15. dxc5 {[%emt 0:02:20]} Nxc5 {[%emt 0:01:16]} 16. Nxd5 {[%emt 0:01:04]} Bxd5 {[%emt 0:00:02]} 17. Bb1 {[%emt 0:05:02]} g6 {[%emt 0:06:06]} 18. Re1 {[%emt 0:07:50]} Rfd8 {[%emt 0:08:28]} 19. Qe2 {[%emt 0:00:54]} Rac8 {[%emt 0:03:43]} 20. b3 {[%emt 0:08:11]} Nd7 {[%emt 0:07:45]} 21. Be4 {[%emt 0:09:22]} Rxc1 {[%emt 0:04:59]} 22. Rxc1 {[%emt 0:01:12]} Qa3 {[%emt 0:01:27]} 23. Rc2 {[%emt 0:03:50]} Bxe4 {[%emt 0:05:20]} 24. Qxe4 {[%emt 0:02:58]} Nc5 {[%emt 0:00:12]} 25. Qe2 {[%emt 0:05:46]} Rd5 {[%emt 0:03:59]} 26. h3 {[%emt 0:00:56]} Kg7 {[%emt 0:01:47]} 27. Qe3 {[%emt 0:05:48]} Qb4 {[%emt 0:02:18]} 28. g3 {[%emt 0:05:06]} h6 {[%emt 0:08:01]} 29. Kg2 {[%emt 0:01:22]} a5 {[%emt 0:02:29]} 30. Nh2 {[%emt 0:10:34]} Qe4+ {[%emt 0:06:27]} 31. Qxe4 {[%emt 0:01:20]} Nxe4 {[%emt 0:00:05]} 32. Nf3 {[%emt 0:02:49]} b4 {[%emt 0:00:47]} 33. h4 {[%emt 0:01:27]} Nc3 {[%emt 0:00:47]} 34. Rd2 {[%emt 0:08:35]} Kf8 {[%emt 0:11:26]} 35. Rxd5 {[%emt 0:02:29]} exd5 {[%emt 0:00:05]} 36. Nd4 {[%emt 0:00:05]} Nxa2 {[%emt 0:00:29]} 37. Nc6 {[%emt 0:00:02]} a4 {[%emt 0:02:10]} 38. Nxb4 {[%emt 0:03:47]} Nxb4 {[%emt 0:00:15]} 39. bxa4 {[%emt 0:00:03]} Ke7 {[%emt 0:00:17]} 40. f4 {[%emt 0:00:10]} Ke6 {[%emt 0:00:40]} 41. Kf3 {[%emt 0:00:08]} h5 {[%emt 0:01:16]} 42. a5 {[%emt 0:00:03]} Kf5 {[%emt 0:00:32]} 43. Ke3 {[%emt 0:00:27]} Nc6 {[%emt 0:00:17]} 44. a6 {[%emt 0:00:04]} Kg4 {[%emt 0:00:52]} 45. Kf2 {[%emt 0:00:19]} d4 {[%emt 0:00:12]} 46. Kg2 {[%emt 0:00:03]} d3 {[%emt 0:04:48]} 47. Kf2 {[%emt 0:00:37]} d2 {[%emt 0:00:05]} 48. Ke2 {[%emt 0:00:04]} Kxg3 {[%emt 0:00:11]} 49. Kxd2 {[%emt 0:00:46]} Kxf4 {[%emt 0:01:38]} 50. Kc3 {[%emt 0:00:13]} Kxe5 {[%emt 0:00:05]} 51. Kc4 {[%emt 0:00:24]} Kd6 {[%emt 0:00:08]} 52. Kd3 {[%emt 0:00:14]} Nb4+ {[%emt 0:00:05]} 53. Kd4 0-1

[Event "Winter Malopolska Cup Master 2022"]
[Site "Krakow"]
[Date "2022.01.20"]
[Round "9.1"]
[White "Tokarz, Izabela"]
[Black "Golenia, Wojciech"]
[Result "0-1"]
[WhiteElo "1728"]
[BlackElo "2059"]
[Annotator "TA"]
[PlyCount "46"]
[EventDate "2022.01.15"]
[EventType "swiss"]
[EventCountry "POL"]
[SourceTitle "playchess.com"]
[Source "ChessBase"]
[SourceQuality "1"]

{[%evp 11,46,-23,-20,-54,-62,-62,-56,-71,-71,-113,-107,-129,-128,-127,-122,-146,-162,-257,-278,-281,-243,-254,-210,-281,-200,-202,-197,-245,-139,-356,-347,-418,-437,-436,-319,-580,-401]} 1. d4 Nf6 2. c4 e6 3. Nc3 Bb4 4. f3 c5 5. a3 Bxc3+ 6. bxc3 Nc6 7. e3 {E24: Nimzo-Indian: Sämisch: Unusual Black 5th moves and 5...c5 sidelines.} d6 8. Bd3 b6 {[#]} 9. Bd2 $146 {Black is slightly better.} ({Predecessor:} 9. Ne2 Qc7 10. O-O h6 11. e4 e5 12. Be3 O-O 13. h3 Na5 14. f4 cxd4 15. cxd4 Nxc4 {½-½ (84) Koelle,T (2380)-Wagner,D (2584) Chess.com INT 2022}) 9... Na5 10. Rc1 (10. Nh3 $142) 10... Ba6 $17 11. Qe2 Qd7 (11... d5 $6 12. cxd5 Bxd3 13. Qxd3 $15) 12. e4 Qa4 {[%csl LRa3,LRc4][%cal Ra6c4]} 13. e5 dxe5 14. Qxe5 (14. dxe5 $142 Ng8 15. Qe4) 14... Bxc4 $19 15. Bc2 Qxa3 16. Ne2 cxd4 17. cxd4 Nb3 18. Bxb3 Qxb3 ({But not} 18... Bxb3 19. Qb5+ Kd8 20. Rc3 $16 (20. Qc6 Bd5 $15)) 19. Qc7 (19. Qd6 $142 Qb5 20. Nf4 (20. Bb4 Nd5 $17)) 19... Bb5 ({Better is} 19... Bxe2 $19 20. Qc6+ Ke7 21. Qb7+ Nd7 22. Kxe2 Rhb8) 20. Qb7 $2 (20. Nc3 $17 Qc4 21. Qe5) 20... O-O {[#] Threatens to win with ...Nd5.} 21. Nc3 Bd3 {To avoid Rb1} 22. Kf2 Qb4 {[%cal Of6d5] Hoping for ...Nd5!} 23. Be3 $2 (23. Rhd1) 23... Rfb8 {White did not feel at home in the position after the opening.  Weighted Error Value: White=0.55/Black=0.23 (precise)} 0-1

[Event "Winter Malopolska Cup Master 2022"]
[Site "Krakow"]
[Date "2022.01.20"]
[Round "9.2"]
[White "Trybus, Daniel"]
[Black "Kania, Franciszek"]
[Result "1-0"]
[WhiteElo "2067"]
[BlackElo "1528"]
[Annotator "TA"]
[PlyCount "79"]
[EventDate "2022.01.15"]
[EventType "swiss"]
[EventCountry "POL"]
[SourceTitle "playchess.com"]
[Source "ChessBase"]
[SourceQuality "1"]

{[%evp 9,79,4,35,17,43,0,15,18,20,21,25,17,52,0,0,-30,0,0,30,20,16,25,35,22,25,25,22,25,33,22,23,11,60,65,66,70,82,77,84,54,57,0,0,0,-11,-6,74,77,204,216,203,92,303,295,393,393,457,457,454,445,653,382,776,750,2157,2013,29976,29974,29989,29990,29990,1458]} 1. g3 e5 2. Nf3 Nc6 3. Bg2 d5 4. d3 h6 5. c4 d4 6. O-O {[%cal Ob2b4] A07: Réti Opening: New York and Capablanca Systems.} Nf6 7. e3 (7. b4 $1 $14) 7... Be7 8. exd4 {The position is equal.} exd4 9. Na3 O-O 10. Nc2 {[#]} Bf5 $146 ({Predecessor:} 10... a5 11. b3 Bf5 12. Bb2 Bc5 13. a3 Bh7 14. Qd2 Qd6 15. Rfe1 Rab8 16. Nh4 g5 {0-1 (43) Saeed,I (2437)-Adly,A (2626) Dubai 2018}) 11. Rb1 (11. Re1 $14) 11... a5 $1 $11 12. b3 (12. Re1 $5 {[%cal Ra2a3]}) 12... Nb4 (12... Bb4 {is interesting.} 13. Nxb4 axb4 14. Ra1 Ra5 15. Re1 Qd7) 13. a3 $1 Nxd3 14. Nfxd4 {[%mdl 64] Discovered Attack} Nxf2 15. Rxf2 Bxc2 16. Rxc2 c5 {[#]} 17. Be3 $1 {Hoping for Nf5.} cxd4 18. Bxd4 Qc7 19. Kh1 Rad8 20. Qg1 Nd7 {Inhibits Bb6.} (20... Qd7 $11 {might be stronger.} 21. Bb6 Rde8) 21. b4 axb4 22. axb4 Bf6 23. Be3 {This bishop pair is nice.} Qc8 24. c5 {White is more active.} Ne5 25. c6 (25. Qf1 $14) 25... bxc6 26. b5 {[%cal Rb5c6]} Qf5 27. Rf2 Qd3 (27... Qg6 $11 {keeps the balance.}) 28. Rd2 $16 Qxd2 (28... Qf5 $16) 29. Bxd2 $18 Rxd2 30. b6 (30. bxc6 $18 {is more deadly. And now c7 would win.} Nd3 31. Rf1) 30... Ng4 $2 (30... Nd3 $16 31. Qe3 (31. Bxc6 $2 Nf2+ 32. Kg2 Ng4+ 33. Kh3 h5 $19) 31... Nf2+ 32. Kg1 Nh3+ 33. Kf1 (33. Bxh3 Bd4 $17) 33... Rf2+ 34. Qxf2 Nxf2) 31. h3 ({Don't go for} 31. Bxc6 $2 Bd4 32. Qg2 Nf2+ 33. Kg1 Ng4+ 34. Kh1 Rxg2 $19) 31... Nf2+ 32. Kh2 Rfd8 33. Qe1 {Inhibits Be5. Threatens to win with b7.} Bc3 {[%cal Of2g4]} 34. Qe3 Ba5 (34... Nd1 $142 35. Rxd1 Rxd1) 35. b7 Nd1 $2 (35... Bc7 36. b8=B Bxb8 37. Rxb8 Ng4+ 38. hxg4 Rxg2+ 39. Kxg2 Rxb8) 36. Qe5 Nc3 37. b8=Q Nxb1 38. Qxb1 {White mates.} Rd1 {[#]} 39. Qxd1 $3 Rxd1 40. Qxa5 {Weighted Error Value: White=0.19 (very precise) /Black=0.52} (40. Qe8+ $142 Kh7 41. Be4+ g6 42. Qxf7+ Kh8 43. Bxg6 Rd2+ 44. Kh1 Rd1+ 45. Kg2) 1-0

[Event "Winter Malopolska Cup Master 2022"]
[Site "Krakow"]
[Date "2022.01.20"]
[Round "9.3"]
[White "Kyc, Jerzy"]
[Black "Klementys, Jerzy"]
[Result "1-0"]
[WhiteElo "2250"]
[BlackElo "1564"]
[Annotator "TA"]
[PlyCount "61"]
[EventDate "2022.01.15"]
[EventType "swiss"]
[EventCountry "POL"]
[SourceTitle "playchess.com"]
[Source "ChessBase"]
[SourceQuality "1"]

{[%evp 17,61,10,18,-39,-44,-41,-43,-39,0,0,23,26,39,52,38,22,51,11,20,0,29,33,26,26,26,26,26,26,27,26,13,8,32,19,62,62,59,47,52,55,60,63,364,361,518,545]} 1. e4 c5 2. Nf3 d6 3. d4 cxd4 4. Nxd4 Nf6 5. Nc3 a6 6. Bg5 e6 7. f4 Be7 8. Qf3 Nbd7 9. Bc4 h6 10. Bh4 {B98: Sicilian Najdorf: 6 Bg5 e6 7 f4 Be7, sidelines.} (10. Bxf6 $11 Bxf6 11. O-O-O) 10... g5 $1 $15 11. fxg5 {[#]} Ne5 $1 12. Qe2 {Black is slightly better.} Nfg4 13. Bb3 hxg5 14. Bg3 {[#]} Nf6 $146 {[%cal Bg4f6,Bf6g8,Bg8e7,Be7g6,Bg6f8][%mdl 32]} ({Predecessor:} 14... Qb6 15. O-O-O Bd7 16. h3 Nf6 17. Bxe5 dxe5 18. Nf3 Qc7 19. Nxg5 Nh5 20. Qg4 O-O-O 21. Nxf7 {1-0 (33) Marques,R (1641)-Silva,M (1850) Luso 2016}) 15. O-O-O {aiming for Bxe5.} Qc7 16. Kb1 Bd7 17. h4 g4 18. Bf4 O-O-O (18... Nh5 $5 {[%cal Rh5f4]} 19. g3 O-O-O $11) 19. Bg5 Ng8 20. Qe3 Rh5 21. Bxe7 Nxe7 22. g3 N7g6 23. Rhf1 Kb8 24. Rf6 Bc8 25. Rdf1 Ka8 (25... Rh7 $11) 26. Nd1 $14 {[%cal Bc3d1,Bd1e3,Be3d5][%mdl 32]} Qe7 {[%cal Oe5f3]} 27. R6f2 $40 {[%mdl 128] Prevents Nf3. White attacks.} Nf8 28. Qe2 Rh7 29. Ne3 Rg7 $2 {[%mdl 8192] [#]} (29... Nfd7 $14) 30. Ndf5 $1 $18 exf5 {[#]} (30... Qf6 $142 31. Nxg7 Qxg7) 31. Nd5 $1 {Weighted Error Value: White=0.09 (flawless) /Black=0.39} 1-0

[Event "Winter Malopolska Cup Master 2022"]
[Site "Krakow"]
[Date "2022.01.20"]
[Round "9.4"]
[White "Mirski, Michal"]
[Black "Saraev, Yaroslav"]
[Result "0-1"]
[WhiteElo "2039"]
[BlackElo "1922"]
[Annotator "TA"]
[PlyCount "182"]
[EventDate "2022.01.15"]
[EventType "swiss"]
[EventCountry "POL"]
[SourceTitle "playchess.com"]
[Source "ChessBase"]
[SourceQuality "1"]

{[%evp 14,182,8,-5,-5,-4,-8,-14,8,14,22,6,22,10,40,38,27,17,42,0,18,21,17,0,56,54,50,51,51,37,174,100,139,68,81,49,68,38,81,82,133,-54,303,292,445,130,545,428,402,201,203,197,217,184,184,184,183,183,171,163,193,160,237,227,324,230,227,47,223,222,262,300,291,283,273,258,262,185,160,-21,-14,-21,-17,-27,-27,-28,-8,-71,0,-28,-25,-34,-13,-13,-14,-68,-63,-62,-53,-87,-44,-52,0,-43,-41,-76,-76,-76,-8,-44,-44,-51,-50,-68,-35,-35,-35,-35,-36,-53,-53,-75,-72,-76,-70,-75,-75,-77,-76,-76,-78,-84,-75,-75,-75,-75,-75,-74,-72,-29948,-29950,-6739,-5945,-29961,-29962,-29965,-29965,-29965,-29966,-29966,-29967,-29967,-29968,-29967,-29968,-29968,-29969,-29970,-29971,-29973,-29974,-29977,-29978,-29978,-29979,-29978,-29979,-29979,-29979,-29980,-29981]} 1. e4 c5 2. Nf3 e6 3. b3 Nc6 4. Bb2 d6 5. Bb5 Bd7 6. O-O Nf6 7. Re1 Be7 8. Nc3 O-O {B50: Sicilian: 2...d6, Miscellaneous.} 9. Bxc6 Bxc6 10. e5 dxe5 {The position is equal.} 11. Nxe5 Qc7 12. Qe2 Rad8 {[#]} 13. d3 $146 ({Predecessor:} 13. h3 b6 14. Nxc6 Qxc6 15. d3 Rfe8 16. Ne4 Nxe4 17. dxe4 Rd7 18. Qg4 Bf8 19. Re3 {½-½ (109) Liew,C-Smith,R Hangzhou 1981}) 13... Bd6 14. Nxc6 Qxc6 (14... Bxh2+ 15. Kh1 bxc6 16. g3 Bxg3 17. fxg3 $16) 15. a4 a6 16. a5 (16. Ne4 $14 Nxe4 17. Qxe4) 16... Bc7 17. Ra4 Rd4 18. Raa1 Rg4 (18... Rdd8 $11) 19. Ne4 $14 Rg6 20. Nxf6+ $1 gxf6 {[%csl Gg6][%cal Rc6g2]} 21. g3 h5 (21... Rd8 $14) 22. Ra4 (22. Qxh5 $18 Kg7 23. Qh3) 22... Kg7 23. Bc3 (23. Qxh5 $6 Rh8 24. Qd1 Rxh2 $1 $11) (23. Rh4 $1 $16) 23... Rh8 24. Rh4 Rg5 25. Qe4 Qb5 (25... Qxe4 $14 {is superior.} 26. Rexe4 (26. Rhxe4 Kg6 $11) 26... Rg8) 26. Qe3 Kg6 (26... Rf5 $142) 27. Rc4 $2 (27. Qf3 $6 Rf5 28. Qe4 Kg7 $14) ({Better is} 27. f4 $16 Rd5 28. Ra1) 27... h4 $2 {[%mdl 8192]} (27... Bxa5 $15 {stays ahead.} 28. h4 Bxc3 $1 29. hxg5 Bxe1 30. Qxe1 Kxg5) 28. Qf3 $18 e5 (28... Bd8 {keeps fighting.} 29. Rg4 Rg8) 29. Qd5 $2 (29. Bd2 $18 {is more deadly.}) 29... b6 $2 {[%mdl 8192]} (29... Rd8 $16 {is tougher.} 30. Qxc5 Qxc5 31. Rxc5 Bd6) 30. axb6 Qxb6 31. Qxc5 (31. Bd2 $142) 31... hxg3 32. hxg3 (32. fxg3 Qxc5+ 33. Rxc5 Bb6 $17) 32... Rgh5 {[%cal Oe5e4]} (32... Qb7 $2 33. Qc6 Qxc6 34. Rxc6 $18) 33. Qxb6 (33. Qxc7 Rh1+ 34. Kg2 R8h2+ 35. Kf3 Qxf2+ 36. Ke4 Qg2+ 37. Ke3 Rxe1+ 38. Bxe1 Qe2#) 33... Bxb6 {[#]} 34. Re2 $1 Rh1+ 35. Kg2 R8h2+ 36. Kf3 {Threatens to win with Rc6.} Rf1 {[%cal Rf1f2]} 37. d4 Kf5 (37... a5 $16 {was called for.} 38. Rd2 (38. dxe5 Rhxf2+ 39. Rxf2 Rxf2+ 40. Ke4 Rxc2 $14) 38... Ba7) 38. g4+ Kg5 (38... Kg6 $142 39. Kg3 (39. dxe5 Rhxf2+ 40. Rxf2 Rxf2+ 41. Ke4 Re2+ 42. Kd3 Re3+ 43. Kd2 Rg3 $16) 39... Rfh1 40. dxe5 Rh3+ 41. Kf4 Rf1) 39. Kg3 (39. dxe5 Bxf2 40. Ke4 fxe5 $16) 39... Rfh1 40. Bd2+ (40. dxe5 Rh3+ 41. Kg2 R1h2+ 42. Kg1 Rh1+ 43. Kg2 R1h2+ 44. Kg1 Rh1+ 45. Kg2 $11) 40... Kg6 41. dxe5 Rh3+ 42. Kf4 fxe5+ 43. Kxe5 f6+ 44. Kf4 {Rc6 is the strong threat.} R1h2 45. Rc6 Bxf2 {And now ...Bg3+ would win.} 46. Ree6 $2 ({But not} 46. Rxa6 $2 Bg3+ 47. Ke4 Rxe2+ $19) (46. Ke4 $16) 46... Bg3+ $11 {[%mdl 64] Discovered Attack} 47. Ke4 Rxd2 48. Rxf6+ Kg7 49. Rg6+ Kf7 50. c4 (50. Rgf6+ $11 {keeps the balance.} Kg7 51. Rg6+ Kh7 52. Rge6 Re2+ 53. Kd5 Rd2+ 54. Ke4) 50... a5 (50... Re2+ $17 51. Kd3 Rg2 52. Rcf6+ Ke8) 51. Rgf6+ Ke7 52. Rf3 Rg2 53. Ra6 Rh4 54. Kf5 (54. Ra7+ $11 Kd6 55. Ra6+ Kc7 56. Rf7+ Kb8 57. Rb6+ Kc8 58. Rc6+ Kd8 59. Rg6) 54... Bc7 $15 55. g5 ({Wrong is} 55. Ra7 $2 Kd7 56. g5 Rhg4 $19) 55... Rh5 56. Rg6 Kf7 (56... Rh8 $17 57. Re3+ Kd8) 57. Rf6+ $1 Kg7 (57... Ke8 $1 $15 58. Rg6 Kf7 59. Rf6+ Ke7) 58. Ke6 (58. Rg6+ $11 {is more appropriate.} Kf7 59. Rf6+ Ke7 60. Rg6) 58... Bd8 59. Rf8 {Intending R3f7+ and mate.} Re2+ ({Reject} 59... Bxg5 60. R3f7+ Kh6 61. Rh8+ Kg6 62. Rg8+ Kh6 63. Rh8+ Kg6 64. Rg8+ Kh6 65. Rh8+ $11) 60. Kd7 Rd2+ (60... Bxg5 $17 {aiming for ...Re7+.} 61. R3f7+ Kg6) 61. Kc6 (61. Ke6 $5 {[%cal Rf3f7]} Re2+ 62. Kd7 Bxg5 63. R3f7+ Kg6 64. c5 $17) 61... Rxg5 62. R8f7+ Kg6 63. Rf8 Be7 (63... Kh6 {feels hotter.} 64. Rh8+ Kg7 65. Rff8 Be7 66. Rhg8+ Kh6) 64. Rg8+ Kh5 65. Rxg5+ Kxg5 {[%mdl 4096] Endgame KRB-KR} 66. Kb5 Bb4 67. Kb6 Rd6+ 68. Kb5 Kg4 69. Rf7 Rd3 70. Ka4 Rc3 71. Rf1 Rc2 72. Rf7 Ra2+ 73. Kb5 Ra3 74. c5 Rxb3 75. c6 Be1+ 76. Ka4 $2 {[%mdl 8192]} (76. Ka6 $17) 76... Rb4+ 77. Ka3 Rc4 78. c7 Bg3 {Black mates.} 79. c8=Q+ Rxc8 80. Ka4 Be1 81. Rf1 Bb4 82. Rf7 Rc5 83. Rf1 Rf5 84. Rh1 Kf4 85. Rh7 Ke4 86. Rh1 Kd3 87. Rh3+ Kc2 88. Rh2+ Bd2 89. Rh4 Rf1 90. Rg4 Ra1+ 91. Kb5 Kb3 {What a bad dream for White.  Weighted Error Value: White=0.42/Black=0.52} 0-1

[Event "Winter Malopolska Cup Master 2022"]
[Site "Krakow"]
[Date "2022.01.20"]
[Round "9.5"]
[White "Czaplak, Lukasz"]
[Black "Szopa, Emilia"]
[Result "1-0"]
[WhiteElo "1877"]
[BlackElo "1588"]
[Annotator "NA RC"]
[PlyCount "137"]
[EventDate "2022.01.15"]
[EventType "swiss"]
[EventCountry "POL"]
[SourceTitle "playchess.com"]
[Source "ChessBase"]
[SourceQuality "1"]
[TimeControl "5400+30"]

{[%evp 8,136,14,6,25,15,28,17,32,25,45,6,4,22,15,25,6,12,17,16,53,28,35,46,31,51,72,69,50,57,91,94,86,36,43,20,78,87,111,83,143,118,150,125,116,121,313,302,269,344,433,190,175,188,161,188,201,203,257,231,254,90,89,32767,32767,32767,106,94,97,102,98,90,83,87,168,131,32767,32767,32767,32767,32767,32767,32767,32767,293,370,351,32767,32767,32767,32767,32767,32767,32767,32767,32767,32767,32767,1688,741,843,656,697,32767,32767,32767,32767,32767,32767,32767,32767,32767,32767,32767,32767,29988,29988,29989,27998,29990,29990,29989,29990,29991,27999,27997,29990,29989,29990,29990,29990]} 1. e4 {[%emt 0:00:01]} c6 {[%emt 0:00:08]} 2. d4 {[%emt 0:00:04]} d5 {[%emt 0:00:07]} 3. exd5 {[%emt 0:00:04]} cxd5 {[%emt 0:00:10]} 4. Bf4 {[%emt 0:00:06]} Nc6 {[%emt 0:05:24]} 5. c3 {[%emt 0:02:00]} g6 {[%emt 0:00:26]} 6. Nf3 {[%emt 0:01:11]} Bg7 {[%emt 0:02:43]} 7. Nbd2 {[%emt 0:02:27]} Nf6 {[%emt 0:01:38]} 8. h3 {[%emt 0:02:40]} a6 {[%emt 0:02:31]} 9. Ne5 {[%emt 0:06:58]} Nd7 {[%emt 0:07:26]} 10. Nxd7 {[%emt 0:09:12]} Bxd7 {[%emt 0:04:54]} 11. Qb3 {[%emt 0:06:09]} Bc8 {[%emt 0:01:47]} 12. Be2 {[%emt 0:08:29]} Na5 {[%emt 0:10:40]} 13. Qd1 {[%emt 0:03:25]} Qb6 {[%emt 0:07:04]} 14. b4 {[%emt 0:08:13]} Nc6 {[%emt 0:07:32]} 15. Nb3 {[%emt 0:08:35]} O-O {[%emt 0:06:59]} 16. O-O {[%emt 0:02:37]} Nd8 {[%emt 0:03:51]} 17. Bf3 {[%emt 0:03:51]} Ne6 {[%emt 0:03:34]} 18. Bd2 {[%emt 0:00:40]} Rd8 {[%emt 0:01:30]} (18... Qd6 $14) 19. Re1 {[%emt 0:02:06]} Qc7 {[%emt 0:01:18] [#]} 20. g3 {[%emt 0:02:59]} ({White should play} 20. a4 $1 $16) 20... h6 {[%emt 0:05:17]} 21. Qe2 {[%emt 0:03:58]} (21. h4 $14 {is more appropriate.}) 21... Kh7 {[%emt 0:01:52]} (21... b6 $14 {is superior.}) 22. h4 {[%emt 0:07:25]} Ra7 {[%emt 0:04:42]} 23. h5 {[%emt 0:01:28]} Bf6 {[%emt 0:02:17]} ({Black should play} 23... b6) 24. hxg6+ {[%emt 0:03:04]} ({Don't take} 24. Qe3 Ng5 $16) 24... fxg6 {[%emt 0:00:37]} 25. Bg4 {[%emt 0:03:53]} ({But not} 25. Qe3 Ng5 $16) 25... Ng5 {[%emt 0:02:44]} 26. Bxg5 {[%emt 0:00:56]} Bxg4 $2 {[%emt 0:07:46]} (26... hxg5 $16 27. Bxc8 Qxc8) 27. Qxg4 {[%emt 0:01:09]} Bxg5 {[%emt 0:00:18]} 28. Nc5 {[%emt 0:00:58]} Qc8 {[%emt 0:00:13]} 29. Qf3 $2 {[%emt 0:03:30]} (29. Ne6 b5 30. f4) 29... Qf5 {[%emt 0:03:36]} 30. Qxf5 {[%emt 0:02:03]} gxf5 {[%emt 0:00:06]} 31. Ne6 {[%emt 0:00:19]} Re8 {[%emt 0:00:24]} 32. Re5 {[%emt 0:01:28]} Bd2 {[%emt 0:01:04]} (32... b6 $142 33. Nxg5+ (33. Rxd5 Bd2 $18) (33. Rxf5 Bd2 $16) 33... hxg5 34. Rxf5 e6 35. Rxg5 Rg7) 33. Nc7 {[%emt 0:01:41]} ({But not} 33. Rxd5 $6 Bxc3 34. Rb1 Kg6) 33... Bxc3 {[%emt 0:00:26] [#]} 34. Rc1 $2 {[%emt 0:00:17]} ({Less strong is} 34. Nxe8 Bxa1 35. Rxe7+ Kg8 $16) (34. Rd1 $1 $18 Rd8 35. Nxd5) 34... Bxd4 {[%emt 0:00:46]} 35. Rxd5 {[%emt 0:00:06]} Bb2 {[%emt 0:00:31]} 36. Re1 {[%emt 0:00:50]} Rg8 {[%emt 0:01:30]} 37. Rxe7+ {[%emt 0:01:13]} Rg7 {[%emt 0:00:11]} 38. Rxg7+ {[%emt 0:00:06]} Bxg7 {[%emt 0:00:38]} 39. Rxf5 {[%emt 0:00:16]} b5 {[%emt 0:00:26]} 40. Nd5 {[%emt 0:01:32]} Rd7 {[%emt 0:00:40]} (40... Bb2 $16 {is a better defense.}) 41. Nf6+ {[%emt 0:00:25]} Bxf6 {[%emt 0:00:10]} 42. Rxf6 {[%emt 0:00:01]} Ra7 {[%emt 0:00:31]} 43. Rb6 {[%emt 0:00:28]} Kg7 {[%emt 0:01:22]} 44. Kg2 {[%emt 0:00:08]} Kh7 {[%emt 0:00:25]} 45. Kh3 {[%emt 0:00:17]} a5 {[%emt 0:01:20] [#]} 46. a3 $1 {[%emt 0:00:17]} axb4 {[%emt 0:00:06]} 47. axb4 {[%emt 0:00:07]} Rf7 {[%emt 0:00:05]} 48. f4 {[%emt 0:01:23]} Rf5 {[%emt 0:00:09]} 49. Kg4 {[%emt 0:00:22]} Rd5 {[%emt 0:00:13]} 50. Kh4 {[%emt 0:01:08]} Rf5 {[%emt 0:02:16]} 51. Rb7+ {[%emt 0:00:52]} Kg6 {[%emt 0:00:51]} 52. Rc7 {[%emt 0:01:29]} h5 {[%emt 0:01:45]} 53. Rc6+ {[%emt 0:00:11]} Kg7 {[%emt 0:00:22]} 54. Re6 {[%emt 0:00:21]} Kf7 {[%emt 0:00:47]} 55. Re5 {[%emt 0:00:47]} Rxe5 {[%emt 0:00:11]} 56. fxe5 {[%emt 0:00:04]} Ke6 {[%emt 0:00:07]} 57. Kxh5 {[%emt 0:00:04]} Kxe5 {[%emt 0:00:05]} 58. g4 {[%emt 0:00:16]} Kd4 {[%emt 0:00:09]} 59. g5 {[%emt 0:00:05]} Kc4 {[%emt 0:00:06]} 60. g6 {[%emt 0:00:03]} Kxb4 {[%emt 0:00:07]} 61. g7 {[%emt 0:00:12]} Ka3 {[%emt 0:00:22]} 62. g8=Q {[%emt 0:00:07]} b4 {[%emt 0:00:10]} 63. Qa8+ {[%emt 0:01:16]} Kb2 {[%emt 0:00:24]} 64. Qg2+ {[%emt 0:00:11]} Ka1 {[%emt 0:00:27]} 65. Qf1+ {[%emt 0:00:52]} Ka2 {[%emt 0:00:19]} 66. Qe2+ {[%emt 0:00:06]} Ka3 {[%emt 0:00:33]} 67. Qd1 {[%emt 0:00:26]} Kb2 {[%emt 0:00:36]} 68. Qd2+ {[%emt 0:00:10]} Ka3 {[%emt 0:00:14]} 69. Qc2 {[%emt 0:00:21]} 1-0